2911-加古川市(兵庫県)の駅 - Statistics

General Stats
  • This quiz has been taken 35 times
  • The average score is 6 of 8
Answer Stats
Answer % Correct
東加古川
100%
加古川
100%
厄神
88%
別府
81%
尾上の松
69%
日岡
65%
浜の宮
65%
神野
62%
No matching quizzes found
Score Distribution
Percent of People with Each Score
Percentile by Number Answered
Your Score History
You have not taken this quiz